000
00232nam a2200097 a 4500
005
20200930074343.0
008
111101s2001 000 spa d
245
0
_a
Reader“s Digest : selecciones.
260
_c
2001.
999
_c
34944
_d
34944
040
_a
DO-SdBNP